[Event "EU-Cup 33rd"]
[Site "Antalya"]
[Date "2017.10.14"]
[Round "7.2"]
[White "Bjarnason, Oskar"]
[Black "McHugh, Kevin"]
[Result "1/2-1/2"]
[WhiteElo "2245"]
[BlackElo "2084"]
[PlyCount "81"]
[EventDate "2017.10.08"]
[EventType "team-swiss"]
[EventRounds "7"]
[EventCountry "TUR"]
[SourceTitle "CBM 181"]
[Source "ChessBase"]
[SourceDate "2017.11.10"]
[SourceVersion "1"]
[SourceVersionDate "2017.11.10"]
[SourceQuality "1"]
[WhiteTeam "Bonnevoie Gambit"]
[BlackTeam "Benildus"]
[WhiteTeamCountry "LUX"]
[BlackTeamCountry "IRL"]

1. b3 e5 2. Bb2 d6 3. e3 Nf6 4. d4 Nbd7 5. Nf3 exd4 6. Qxd4 g6 7. Nc3 Rg8 8. 0-0-0 Bg7 9. Bc4 Nb6 10. Be2 Bd7 11. a4 Bc6 12. Qf4 Qe7 13. Bb5 Bxb5 14. axb5 0-0-0 15. e4 Nfd7 16. Rhe1 h6 17. Kb1 Rde8 18. Qd2 Kb8 19. Nd4 Bxd4 20. Qxd4 Qe5 21. g3 Qxd4 22. Rxd4 Nc5 23. Ba3 Ne6 24. Rdd1 g5 25. f3 h5 26. Bb4 h4 27. Nd5 Nxd5 28. exd5 Ng7 29. g4 Rxe1 30. Rxe1 Re8 31. Rxe8+ Nxe8 32. c4 Kc8 33. Kc2 Kd7 34. Kd3 Ke7 35. Ke4 Kf6 36. Bc3+ Kg6 37. Bd4 Nf6+ 38. Kd3 b6 39. Ke3 Nd7 40. Kd3 Nf6 41. Ke3 1/2-1/2

[Event "EU-Cup 31st"]
[Site "Skopje"]
[Date "2015.10.21"]
[Round "4.3"]
[White "Bates, Richard"]
[Black "Bjarnason, Oskar"]
[Result "1-0"]
[WhiteElo "2328"]
[BlackElo "2238"]
[PlyCount "81"]
[EventDate "2015.10.18"]
[EventType "team-swiss"]
[EventRounds "7"]
[EventCountry "MKD"]
[SourceTitle "CBM 169"]
[Source "ChessBase"]
[SourceDate "2015.11.10"]
[SourceVersion "1"]
[SourceVersionDate "2015.11.10"]
[SourceQuality "1"]
[WhiteTeam "Blackthorne Russia"]
[BlackTeam "Bonnevoie Gambit"]
[WhiteTeamCountry "ENG"]
[BlackTeamCountry "LUX"]

1. d4 d5 2. c4 c6 3. Nf3 Nf6 4. Qb3 dxc4 5. Qxc4 Bg4 6. Nbd2 Nbd7 7. g3 e6 8. Bg2 Be7 9. 0-0 0-0 10. Ne5 Bh5 11. Ndf3 a5 12. Bf4 Qb6 13. e4 Qb4 14. b3 Rfd8 15. Nxd7 Rxd7 16. Be3 Rdd8 17. Ne5 Nd7 18. Nxd7 Rxd7 19. a3 Qxc4 20. bxc4 b5 21. Rfc1 Be2 22. e5 Ra6 23. cxb5 cxb5 24. Rc8+ Rd8 25. Rac1 Bc4 26. Rxd8+ Bxd8 27. a4 Kf8 28. axb5 Bxb5 29. Rc8 Ke7 30. d5 Kd7 31. Rb8 Bc4 32. d6 f6 33. f4 a4 34. Bb7 Bb6 35. Bxb6 Rxb6 36. Bc8+ Kc6 37. d7 Rxb8 38. d8Q Rb1+ 39. Kf2 Rb2+ 40. Ke1 Rxh2 41. Qd6+ 1-0

[Event "EU-Cup 31st"]
[Site "Skopje"]
[Date "2015.10.20"]
[Round "3.3"]
[White "Bjarnason, Oskar"]
[Black "Hadzi Manev, Ljubomir"]
[Result "1-0"]
[WhiteElo "2238"]
[BlackElo "1982"]
[PlyCount "77"]
[EventDate "2015.10.18"]
[EventType "team-swiss"]
[EventRounds "7"]
[EventCountry "MKD"]
[SourceTitle "CBM 169"]
[Source "ChessBase"]
[SourceDate "2015.11.10"]
[SourceVersion "1"]
[SourceVersionDate "2015.11.10"]
[SourceQuality "1"]
[WhiteTeam "Bonnevoie Gambit"]
[BlackTeam "Karpos"]
[WhiteTeamCountry "LUX"]
[BlackTeamCountry "MKD"]

1. b3 Nf6 2. Bb2 g6 3. Bxf6 exf6 4. c4 Bg7 5. Nc3 d6 6. g3 0-0 7. e3 Bd7 8. Bg2 Bc6 9. Nd5 Nd7 10. Ne2 f5 11. d4 Nb6 12. Nec3 Nxd5 13. cxd5 Bd7 14. 0-0 c5 15. dxc6 bxc6 16. Rc1 Rc8 17. Qd2 Qa5 18. Rfd1 Rfd8 19. Ne2 Qb6 20. Nf4 Bf8 21. Rc4 Rc7 22. Rdc1 Rdc8 23. Qc3 Be6 24. d5 Bg7 25. Qc2 Bd7 26. dxc6 Be6 27. Nd5 Bxd5 28. Bxd5 Re8 29. Ra4 Kf8 30. Qc4 Rb8 31. a3 a5 32. b4 axb4 33. Rxb4 Qa7 34. Rb7 Rbxb7 35. cxb7 Rxc4 36. Rxc4 Ke7 37. Rc8 Qa5 38. b8Q Qxd5 39. Re8+ 1-0

[Event "EU-Cup 31st"]
[Site "Skopje"]
[Date "2015.10.18"]
[Round "1.3"]
[White "De Jong, Jan Willem"]
[Black "Bjarnason, Oskar"]
[Result "1-0"]
[WhiteElo "2453"]
[BlackElo "2238"]
[PlyCount "99"]
[EventDate "2015.10.18"]
[EventType "team-swiss"]
[EventRounds "7"]
[EventCountry "MKD"]
[SourceTitle "CBM 169"]
[Source "ChessBase"]
[SourceDate "2015.11.10"]
[SourceVersion "1"]
[SourceVersionDate "2015.11.10"]
[SourceQuality "1"]
[WhiteTeam "Leiden LSG"]
[BlackTeam "Bonnevoie Gambit"]
[WhiteTeamCountry "NED"]
[BlackTeamCountry "LUX"]

1. d4 d5 2. c4 c6 3. Nc3 Nf6 4. e3 a6 5. Qc2 e6 6. Nf3 c5 7. cxd5 exd5 8. Be2 Nc6 9. 0-0 Be6 10. Rd1 Nb4 11. Qb1 Qc8 12. Bd2 Bf5 13. Qc1 Nc2 14. Rb1 Nb4 15. dxc5 Bxb1 16. Qxb1 Qxc5 17. a3 Nc6 18. b4 Qb6 19. b5 axb5 20. Nxb5 Bc5 21. Bc3 Ne4 22. Bxg7 Rg8 23. Bh6 0-0-0 24. Bf4 Rd7 25. g3 f5 26. Bf1 d4 27. Bh3 Rg4 28. Bxg4 fxg4 29. Nfxd4 Nxd4 30. exd4 Bxd4 31. Qc1+ Bc5 32. Rxd7 Kxd7 33. a4 Bxf2+ 34. Kf1 Bg1 35. Qd1+ Ke6 36. Qxg4+ Kf7 37. Qd7+ Kf6 38. Ke1 Qa5+ 39. Ke2 Qxa4 40. Qd8+ Kf5 41. Qd5+ Kg6 42. Qg8+ Kf6 43. Qf8+ Kg6 44. Qe8+ Kg7 45. Be5+ Kh6 46. Qe6+ Kh5 47. Qf7+ Kg4 48. Qd7+ Kg5 49. Qg7+ Kf5 50. g4+ 1-0

[Event "Luxembourg-chT 1112"]
[Site "Luxembourg"]
[Date "2012.04.10"]
[Round "7"]
[White "Osieka, Udo"]
[Black "Bjarnason, Oskar"]
[Result "1-0"]
[WhiteElo "2250"]
[BlackElo "2212"]
[PlyCount "65"]
[EventDate "2011.10.??"]
[EventType "team-tourn"]
[EventRounds "10"]
[EventCountry "LUX"]
[SourceTitle "EXT 2017"]
[Source "ChessBase"]
[SourceDate "2016.10.25"]
[SourceVersion "1"]
[SourceVersionDate "2016.10.25"]
[SourceQuality "1"]

1. d4 d5 2. c4 c6 3. e3 Nf6 4. Nc3 e6 5. Nf3 Nbd7 6. Bd3 dxc4 7. Bxc4 b5 8. Be2 Bb7 9. 0-0 a6 10. e4 b4 11. e5 Nd5 12. Nxd5 cxd5 13. Bg5 Qb6 14. Rc1 h6 15. Bd2 Nb8 16. a3 a5 17. Qa4+ Nc6 18. Bb5 Kd7 19. Ne1 Be7 20. Nd3 Rhc8 21. Nc5+ Bxc5 22. Rxc5 Ke7 23. Bxc6 Bxc6 24. Qc2 Bd7 25. Rc1 bxa3 26. bxa3 Rxc5 27. dxc5 Qc6 28. Qh7 Qa4 29. Qxg7 Be8 30. Bxh6 Kd7 31. c6+ Kc7 32. Qf8 Qb3 33. Qe7+ 1-0

[Event "Le Touquet op-A"]
[Site "Le Touquet"]
[Date "2008.10.31"]
[Round "8"]
[White "Helsen, Steff"]
[Black "Bjarnason, Oskar"]
[Result "1-0"]
[WhiteElo "2171"]
[BlackElo "2262"]
[PlyCount "27"]
[EventDate "2008.10.25"]
[EventType "swiss"]
[EventRounds "9"]
[EventCountry "FRA"]
[SourceTitle "EXT 2009"]
[Source "ChessBase"]
[SourceDate "2008.11.26"]
[SourceVersion "1"]
[SourceVersionDate "2008.11.26"]
[SourceQuality "1"]

1. d4 c5 2. dxc5 Qa5+ 3. Nc3 Nf6 4. Nf3 Nc6 5. a3 Qxc5 6. e4 d6 7. Nb5 Rb8 8. Be3 Qh5 9. e5 Nxe5 10. Bxa7 Ra8 11. Nc7+ Kd7 12. Nxa8 Nxf3+ 13. Qxf3 Qa5+ 14. Qc3 1-0

[Event "Le Touquet op-A"]
[Site "Le Touquet"]
[Date "2008.10.29"]
[Round "6"]
[White "Vandemeulebrouck, Renaud"]
[Black "Bjarnason, Oskar"]
[Result "1/2-1/2"]
[WhiteElo "2061"]
[BlackElo "2262"]
[PlyCount "60"]
[EventDate "2008.10.25"]
[EventType "swiss"]
[EventRounds "9"]
[EventCountry "FRA"]
[SourceTitle "EXT 2009"]
[Source "ChessBase"]
[SourceDate "2008.11.26"]
[SourceVersion "1"]
[SourceVersionDate "2008.11.26"]
[SourceQuality "1"]

1. e4 d5 2. exd5 Qxd5 3. Nc3 Qa5 4. d4 Nf6 5. Bc4 Nc6 6. Nf3 Bg4 7. Be3 0-0-0 8. h3 Bxf3 9. Qxf3 Qb4 10. Bb3 e6 11. a3 Qa5 12. Rd1 Bxa3 13. Ra1 Bxb2 14. Rxa5 Bxc3+ 15. Ke2 Bxa5 16. Rd1 Kb8 17. g4 Rhf8 18. Ba4 Nb4 19. c4 Na2 20. Bd2 Bxd2 21. Rxd2 Nb4 22. g5 Ng8 23. Qe4 Ne7 24. Qe5 g6 25. Rb2 Nec6 26. Bxc6 Nxc6 27. Rxb7+ Kxb7 28. Qb5+ Kc8 29. Qxc6 Kb8 30. Qb5+ Kc8 1/2-1/2

[Event "Le Touquet op-A"]
[Site "Le Touquet"]
[Date "2008.10.26"]
[Round "2"]
[White "Huin, Eric"]
[Black "Bjarnason, Oskar"]
[Result "0-1"]
[WhiteElo "1938"]
[BlackElo "2262"]
[PlyCount "72"]
[EventDate "2008.10.25"]
[EventType "swiss"]
[EventRounds "9"]
[EventCountry "FRA"]
[SourceTitle "EXT 2009"]
[Source "ChessBase"]
[SourceDate "2008.11.26"]
[SourceVersion "1"]
[SourceVersionDate "2008.11.26"]
[SourceQuality "1"]

1. e4 c5 2. Nc3 Nc6 3. Bc4 e6 4. d3 Nf6 5. Bg5 h6 6. Bxf6 Qxf6 7. Nge2 a6 8. a4 d6 9. 0-0 Be7 10. f4 0-0 11. Kh1 Bd7 12. Ng3 Qh4 13. Nce2 Nd4 14. Nxd4 cxd4 15. f5 Kh8 16. fxe6 fxe6 17. Qe2 Bg5 18. Nh5 e5 19. Rxf8+ Rxf8 20. Rf1 Rxf1+ 21. Qxf1 Kh7 22. Ng3 Bf4 23. Kg1 Bxg3 24. hxg3 Qxg3 25. Qf7 Qe3+ 26. Kh1 Qc1+ 27. Kh2 Qf4+ 28. Qxf4 exf4 29. a5 Kg6 30. Bd5 Bc6 31. Bxc6 bxc6 32. c4 c5 33. Kh3 Kg5 34. e5 dxe5 35. b4 cxb4 36. c5 b3 0-1

[Event "Reykjavik op 23rd"]
[Site "Reykjavik"]
[Date "2008.03.07"]
[Round "5"]
[White "Bjarnason, Oskar"]
[Black "Bjornsson, Sverrir Orn"]
[Result "0-1"]
[WhiteElo "2290"]
[BlackElo "2116"]
[PlyCount "62"]
[EventDate "2008.03.03"]
[EventType "swiss"]
[EventRounds "9"]
[EventCountry "ISL"]
[SourceTitle "CBM 123 Extra"]
[Source "ChessBase"]
[SourceDate "2008.05.06"]
[SourceVersion "1"]
[SourceVersionDate "2008.05.06"]
[SourceQuality "1"]

1. e4 Nf6 2. e5 Nd5 3. c4 Nb6 4. d4 d6 5. exd6 exd6 6. Nc3 Be7 7. Be3 0-0 8. Qf3 c6 9. 0-0-0 d5 10. c5 N6d7 11. g4 b6 12. cxb6 axb6 13. Bd3 b5 14. a3 Qa5 15. Nge2 Na6 16. Qh3 g6 17. Qg3 b4 18. axb4 Nxb4 19. Bb1 Nb6 20. Nf4 Nc4 21. Nd3 Qa1 22. Rhe1 Nxd3+ 23. Rxd3 Qxb2+ 24. Kd1 Ra1 25. Bc1 Rxb1 26. Nxb1 Qxb1 27. Rxe7 Bxg4+ 28. Qxg4 Qxd3+ 29. Ke1 Qc3+ 30. Kd1 Qb3+ 31. Ke1 Qb4+ 0-1

[Event "Reykjavik op 23rd"]
[Site "Reykjavik"]
[Date "2008.03.06"]
[Round "4"]
[White "Frank Nielsen, Marie"]
[Black "Bjarnason, Oskar"]
[Result "1/2-1/2"]
[WhiteElo "1969"]
[BlackElo "2290"]
[PlyCount "69"]
[EventDate "2008.03.03"]
[EventType "swiss"]
[EventRounds "9"]
[EventCountry "ISL"]
[SourceTitle "CBM 123 Extra"]
[Source "ChessBase"]
[SourceDate "2008.05.06"]
[SourceVersion "1"]
[SourceVersionDate "2008.05.06"]
[SourceQuality "1"]

1. e4 d5 2. exd5 Qxd5 3. Nc3 Qa5 4. d4 Nf6 5. Nf3 Bg4 6. h3 Bh5 7. Bd2 Qb6 8. Bb5+ c6 9. Bd3 Bxf3 10. Qxf3 Qxd4 11. 0-0 e6 12. Be3 Qe5 13. Bf4 Qa5 14. a3 Be7 15. b4 Qb6 16. Rad1 Nbd7 17. Na4 Qd8 18. c4 0-0 19. Rfe1 Qc8 20. g4 Rd8 21. g5 Ne8 22. h4 a5 23. bxa5 Rxa5 24. Nc3 Rxa3 25. Ne4 Nc5 26. Nxc5 Bxc5 27. Bxh7+ Kxh7 28. Qh5+ Kg8 29. g6 Bxf2+ 30. Kxf2 fxg6 31. Qxg6 Nf6 32. Rg1 Ra2+ 33. Kf3 Ra3+ 34. Kf2 Ra2+ 35. Kf3 1/2-1/2

[Event "Bayern-chI Bank Hofmann 11th"]
[Site "Bad Wiessee"]
[Date "2007.11.17"]
[Round "8"]
[White "Bromberger, Stefan"]
[Black "Bjarnason, Oskar"]
[Result "1-0"]
[WhiteElo "2491"]
[BlackElo "2278"]
[PlyCount "67"]
[EventDate "2007.11.10"]
[EventType "swiss"]
[EventRounds "9"]
[EventCountry "GER"]
[SourceTitle "CBM 121 Extra"]
[Source "ChessBase"]
[SourceDate "2008.01.10"]
[SourceVersion "1"]
[SourceVersionDate "2008.01.10"]
[SourceQuality "1"]

1. d4 d5 2. c4 c6 3. Nf3 Nf6 4. Nc3 dxc4 5. a4 Bf5 6. Ne5 Nbd7 7. Nxc4 Nb6 8. Ne5 a5 9. g3 e6 10. Bg2 Nfd7 11. Nd3 Bxd3 12. Qxd3 Bb4 13. 0-0 0-0 14. Rd1 f5 15. e4 fxe4 16. Nxe4 Nf6 17. Bg5 Nbd5 18. Bh3 Qe7 19. Bxf6 gxf6 20. Rac1 f5 21. Nd2 Rad8 22. Nf3 Qg7 23. Bg2 Nf6 24. Qe2 Rfe8 25. Rc2 Ng4 26. Qc4 Kh8 27. Rd3 Qf6 28. Re2 Rd6 29. h3 Nh6 30. Rde3 f4 31. Re4 fxg3 32. fxg3 Nf5 33. Rf4 Qh6 34. Rxf5 1-0